Eclipse - Pink Floyd lyrics - Statistics

General Stats
  • This quiz has been taken 195 times
    194 since last reset
  • The average score is 18 of 27
Answer Stats
Answer % Correct
All that you {touch}
95%
And all that you {see}
93%
All you {feel}
79%
And all that is {now}
77%
And everything {under the sun is in tune}
74%
{borrow},
73%
or {steal}
73%
And all that's {to come}
71%
And all that is {gone}
70%
{But the sun is eclipsed by the moon}
70%
And all you {destroy}
69%
And everyone you {meet}
69%
{Beg},
69%
And all that you {hate}
68%
And all you {create}
68%
And all that you {love}
67%
And everyone you {fight}
65%
All that you {taste}
62%
And all that you {buy}
62%
And all that you {eat}
58%
All you {distrust}
55%
And all that you {slight}
55%
All you {save}
53%
And all that you {say}
50%
And all that you {do}
47%
And all that you {deal}
40%
And all that you {give}
40%
No matching quizzes found
Score Distribution
Percent of People with Each Score
Percentile by Number Answered
Your Score History
You have not taken this quiz since the last reset